La argumentación escrita
Shranjeno v:
| Glavni avtor: | |
|---|---|
| Format: | Knjiga |
| Jezik: | španščina |
| Izdano: |
Medellín
Universidad de Antioquía
2002
|
| Izdaja: | 2a. ed |
| Serija: | Caminos
|
| Teme: | |
| Oznake: |
Označite
Brez oznak, prvi označite!
|
MARC
| LEADER | 00000nam a2200000 a 4500 | ||
|---|---|---|---|
| 001 | UCJ0533 | ||
| 003 | CL-VaPUC | ||
| 008 | 060811e20020000CK |||||||||||||||||spa|d | ||
| 020 | |a 9686555321 | ||
| 082 | 0 | 4 | |a 808 |b DIA |2 21 |
| 100 | 0 | |a Díaz Rodríguez, Alvaro |e author |9 500780 | |
| 245 | 1 | 3 | |a La argumentación escrita |
| 250 | |a 2a. ed | ||
| 300 | |a 145 p | ||
| 942 | |c BK | ||
| 945 | |d 20060811 00:00:00 |a cmena | ||
| 260 | |a Medellín |b Universidad de Antioquía |c 2002 | ||
| 650 | 0 | |a Retórica |9 266620 | |
| 650 | 0 | |a Redacción de escritos |9 356917 | |
| 650 | 0 | |a Argumentación |9 257103 | |
| 650 | 0 | |a Análisis del discurso |9 256696 | |
| 583 | |a last modification |c 20140406 06:31:25 |k Rodrigo Vera | ||
| 490 | 0 | |a Caminos | |
| 999 | |c 317364 |d 317362 | ||
| 952 | |0 0 |1 0 |4 0 |6 808_000000000000000_DIA_2002 |7 0 |8 A |9 393687 |a FDOPOS |b FDOPOS |d 2019-11-22 |i 4262999 |o 808 DIA 2002 |p 4262999 |r 2025-01-22 |w 2019-11-22 |y BK |k MLA | ||